Countries With Champions League Winners - Statistics

General Stats
  • This quiz has been taken 69 times
  • The average score is 8 of 10
Answer Stats
Answer % Correct
Germany 7
98%
Spain 18
98%
England 13
93%
Italy 12
93%
France 1
92%
Portugal 4
88%
Netherlands 6
87%
Scotland 1
73%
Romania 1
57%
Serbia 1
57%
No matching quizzes found
Score Distribution
Percent of People with Each Score
Percentile by Number Answered
Your Score History
You have not taken this quiz